| 000 | 00455nam a2200133Ia 4500 | ||
|---|---|---|---|
| 008 | 171212s9999 xx 000 0 und d | ||
| 020 | _a9780745333526 | ||
| 100 | _aEriksen, Thomas Hylland;Nielsen, Finn Sivert | ||
| 245 |
_cEriksen, Thomas Hylland;Nielsen, Finn Sivert _aA History of Anthropology |
||
| 260 |
_bPluto Books _c2013 |
||
| 440 | _aAnthropology, Culture and Society | ||
| 650 | _aAnthropology | ||
| 856 | _uhttp://jstor.org/stable/j.ctt183gzx9 | ||
| 999 |
_c351610 _d351610 |
||